logo

Bir Sreshtho Munshi Abdur Rouf Library
Jhenaidah Cadet College

উচ্চ মাধ্যমিক উদ্ভিদবিজ্ঞান / (Record no. 9499)

MARC details
000 -LEADER
fixed length control field 00848nam a2200253 a 4500
001 - CONTROL NUMBER
JCCL Control Number 9499
003 - CONTROL NUMBER IDENTIFIER
JCCL marc code BD-JhCC
005 - DATE AND TIME OF LATEST TRANSACTION
control field 20180320164023.0
008 - FIXED-LENGTH DATA ELEMENTS--GENERAL INFORMATION
fixed length control field 180315s1994 bg a|||| ||a| 000 0 ben d
035 ## - SYSTEM CONTROL NUMBER
system control number (BD-JhCC)9499
040 ## - CATALOGING SOURCE
Original cataloging agency BD-JhCC
Modifying agency BD-JhCC
041 ## - LANGUAGE CODE
Language code of Book ben
082 ## - DEWEY DECIMAL CLASSIFICATION NUMBER
Classification number 581
Author mark and Year MIA 1994
100 ## - MAIN ENTRY--PERSONAL NAME
Personal name মিঞা, মো: আব্দুল মমিন
245 ## - TITLE STATEMENT
Title উচ্চ মাধ্যমিক উদ্ভিদবিজ্ঞান /
Statement of responsibility, etc মো: আব্দুল মমিন মিঞা এবং আমজাদ আলী খান
260 ## - PUBLICATION, DISTRIBUTION, ETC. (IMPRINT)
Place of publication, distribution, etc ঢাকা :
Name of publisher, distributor, etc আইডিয়াল লাইব্রেরী,
Date of publication, distribution, etc 1994
300 ## - PHYSICAL DESCRIPTION
Pagination 697 p. :
Dimensions 26 cm.
650 ## - SUBJECT ADDED ENTRY--TOPICAL TERM
Topical term or geographic name as entry element Plants
650 ## - SUBJECT ADDED ENTRY--TOPICAL TERM
Topical term or geographic name as entry element Botany
650 ## - SUBJECT ADDED ENTRY--TOPICAL TERM
Topical term or geographic name as entry element Biology
700 ## - ADDED ENTRY--PERSONAL NAME
Personal name খান, আমজাদ আলী
942 ## - ADDED ENTRY ELEMENTS (KOHA)
Source of classification or shelving scheme Dewey Decimal Classification
Koha item type Books
Holdings
Source of classification or shelving scheme Damaged status Not for loan Home library Current library Shelving location Cost, normal purchase price Total Checkouts Full call number Barcode Date last seen Copy number Koha item type
Dewey Decimal Classification     JCC Rouf Library JCC Rouf Library General Stacks 200.00   581 MIA 1994 11838 03/15/2018 C - 1 Books

JCC Library | Contacts | JCC Home

Last Update on 23 September 2017
Copyright @ 2017-2020 JCC Rouf Library
Rouf Library, Jhenidah Cadet College (JCC), Bangladesh